Name the band logo - Statistics

General Stats
  • This quiz has been taken 2 times
  • The average score is 4 of 7
Answer Stats
Picture Answer % Correct
Last Days of humanity
100%
55gore
50%
Rompeprop
50%
Satan's revenge on mankind
50%
syphilitic brain rot
50%
Torsofuck
50%
Sanguisugabogg
0%
No matching quizzes found
Score Distribution
Percent of People with Each Score
Percentile by Number Answered
Your Score History
You have not taken this quiz